000 00612nam a22001817a 4500
003 OSt
005 20250822034918.0
008 250822b |||||||| |||| 00| 0 eng d
020 _a1-56052-271-2
040 _cOC
082 _aCirc. 658.8 T397p 1994
100 _aThornton, V.
245 _aProspecting :
_b the key to sales success
260 _aCalifornia :
_bCrisp Publications, Inc.,
_c c1994
300 _axii, 74 pages :
_billustration :
_c25 cm.
504 _aIncludes bibliographical references and index
942 _2ddc
_cBK-CIRC
_hCirc. 658.8 T397p 1994
_kCirc.
_n0
999 _c4171
_d4171